000 00324nam a2200145Ia 4500
005 20251222140112.0
008 251222s1900||||xx |||||||||||||| ||spa||
020 _a8470508296
082 _a210.9/P81
100 _aPoupard, Paul
245 0 _a¿Dónde esta Dios?:
250 _a1ra. ed.
264 _bEDICEP
942 _cLIB
999 _c4350
_d4350